| 000 | 00399nam a2200157Ia 4500 | ||
|---|---|---|---|
| 008 | 230917s9999||||xx |||||||||||||| ||und|| | ||
| 020 | _cRS25 | ||
| 040 |
_e130376 _aMAIN |
||
| 041 | _aEnglish | ||
| 082 | _a810.9 R126E | ||
| 100 | _aRaghavacharyulu, D U K | ||
| 245 | 0 | _aExperience of American literature | |
| 260 |
_aNew Delhi _bUnited State Educational _c1969 |
||
| 300 | _a437 p. | ||
| 942 | _cBK | ||
| 999 |
_c60101 _d60101 |
||